| 000 | 00651nam a22002174i 4500 | ||
|---|---|---|---|
| 999 |
_c7328 _d7328 |
||
| 003 | OSt | ||
| 005 | 20210406131819.0 | ||
| 008 | 210324e202103 spca||||||||||||| 0|cat|c | ||
| 017 |
_aDL B 968-2021 _bBiblioteca de Catalunya |
||
| 020 | _a9788498094848 | ||
| 040 |
_aCDMR _bcat _erda _cCDMR |
||
| 245 | 1 | 0 |
_aIntrigues i poder al Vaticà / _cVicenç Lozano |
| 250 | _aPrimera edició | ||
| 264 | 1 |
_aBarcelona : _bPòrtic, _cfebrer del 2021 |
|
| 300 |
_a461 pàgines : _c22 cm |
||
| 336 |
_atext _btxt _2rdacontent |
||
| 337 |
_asense mediació _bn _2rdamedia |
||
| 338 |
_avolum _bnc _2rdacarrier |
||
| 650 | 7 |
_aPeriodisme _zVaticà _2lemac |
|
| 942 |
_2udc _cMON |
||